Knižnica na rázcestí

Bibliographic Details
Main Author: Vontorčík, Emil, 1935- (Author)
Format: Article
Language:Slovak
Subjects:

MARC

LEADER 00000nab a2200000 a 4500
001 vtls000460223
003 SK-MaSNL
005 20260304032731.0
008 140422c1992 xo 0 slo
015 |a SNBRB19rr/mm-uuuuu 
035 |a CL0460355 
040 |a SNKBUCL  |b slo  |c SNKBUCL  |e AACR2 
041 0 |a slo 
044 |a xo  |c SK 
080 |a 027.021  |2 1981 
100 1 |a Vontorčík, Emil,  |d 1935-  |4 aut  |9 86469 
245 1 0 |a Knižnica na rázcestí  |c Emil Vontorčík 
300 |b Fot. 1. 
610 2 7 |a Univerzitná knižnica v Bratislave  |2 snkbucl  |9 192279 
655 7 |a články z novín a časopisov  |2 snkbucl  |9 267496 
655 7 |a články z odboru knihovníctvo  |2 snkbucl  |9 166141 
773 0 |t Literárny týždenník  |g Roč. 5, č. 18 (1992), s. 5 
850 |a Slovenská národná knižnica v Martine  |a MTA001 
852 |a SNK  |b KIS3GCP 
957 |a  5100 
958 |a RK 
958 |a KL 
999 |c 2644708  |d 2646638